000 00460nab a2200145Ia 4500
003 ES-SlBCS
005 20210601150018.0
008 140529s1989 xxu||||| |||| 00| 0 spa d
041 _aspa
100 1 _aMccormick, Richard
_956639
245 0 0 _a¿Se puede disentir en teología moral?
_c Richard Mccormick
650 0 4 _aTeología Moral-Disentimiento
_9318574
773 0 _tSelecciones de Teologia
_gvol. 28, nº. 112, 1989, págs. 245-255
_wRev424
942 _cAR
999 _c733820
_d733820